In welchem Bundesland ist diese Gemeinde - Statistiken

Allgemein
  • Dieses Quiz wurde 36 mal gespielt
  • Das Durchschnittsergebnis liegt bei 15 aus 20
Antwortstatistiken
Gemeinde Bundesland % Korrekt
Donnerskirchen Burgenland
100%
Oggau am Neusiedler See Burgenland
100%
Purbach am Neusiedler See Burgenland
100%
Stotzing Burgenland
100%
Eberau Burgenland
100%
Rauchwart Burgenland
100%
Stinatz Burgenland
100%
Eltendorf Burgenland
100%
Mogersdorf Burgenland
100%
Antau Burgenland
100%
Hirm Burgenland
100%
Mattersburg Burgenland
100%
Zemendorf-Stöttera Burgenland
100%
Gattendorf Burgenland
100%
Podersdorf am See Burgenland
100%
Lutzmannsburg Burgenland
100%
Neutal Burgenland
100%
Oberpullendorf Burgenland
100%
Neustift an der Lafnitz Burgenland
100%
Weiden bei Rechnitz Burgenland
100%
Ossiach Kärnten
100%
Dellach Kärnten
100%
Guttaring Kärnten
100%
Liebenfels Kärnten
100%
Heiligenblut Kärnten
100%
Rennweg am Katschberg Kärnten
100%
Steinfeld Kärnten
100%
Trebesing Kärnten
100%
St. Jakob im Rosental Kärnten
100%
Bad St. Leonhard im Lavanttal Kärnten
100%
Alland Niederösterreich
100%
Bad Vöslau Niederösterreich
100%
Furth an der Triesting Niederösterreich
100%
Oberwaltersdorf Niederösterreich
100%
Pottendorf Niederösterreich
100%
Schönau an der Triesting Niederösterreich
100%
Fischamend Niederösterreich
100%
Maria-Lanzendorf Niederösterreich
100%
Prellenkirchen Niederösterreich
100%
Schwadorf Niederösterreich
100%
Trautmannsdorf an der Leitha Niederösterreich
100%
Moorbad Harbach Niederösterreich
100%
Schrems Niederösterreich
100%
Aderklaa Niederösterreich
100%
Ebenthal Niederösterreich
100%
Marchegg Niederösterreich
100%
Neusiedl an der Zaya Niederösterreich
100%
Prottes Niederösterreich
100%
Nappersdorf-Kammersdorf Niederösterreich
100%
Schrattenthal Niederösterreich
100%
Horn Niederösterreich
100%
Japons Niederösterreich
100%
Langau Niederösterreich
100%
Röschitz Niederösterreich
100%
Spillern Niederösterreich
100%
Stockerau Niederösterreich
100%
Bergern im Dunkelsteinerwald Niederösterreich
100%
Rohrendorf bei Krems Niederösterreich
100%
Spitz Niederösterreich
100%
Lilienfeld Niederösterreich
100%
Türnitz Niederösterreich
100%
Artstetten-Pöbring Niederösterreich
100%
Dunkelsteinerwald Niederösterreich
100%
Kirnberg an der Mank Niederösterreich
100%
Leiben Niederösterreich
100%
Raxendorf Niederösterreich
100%
Yspertal Niederösterreich
100%
Asparn an der Zaya Niederösterreich
100%
Bernhardsthal Niederösterreich
100%
Drasenhofen Niederösterreich
100%
Gaweinstal Niederösterreich
100%
Großkrut Niederösterreich
100%
Laab im Walde Niederösterreich
100%
Otterthal Niederösterreich
100%
Schottwien Niederösterreich
100%
Pressbaum Niederösterreich
100%
St. Margarethen an der Sierning Niederösterreich
100%
Langenrohr Niederösterreich
100%
Pfaffenschlag bei Waidhofen an der Thaya Niederösterreich
100%
Thaya Niederösterreich
100%
Waidhofen an der Thaya-Land Niederösterreich
100%
Wiener Neustadt Niederösterreich
100%
Ebenfurth Niederösterreich
100%
Hochneukirchen-Gschaidt Niederösterreich
100%
Lanzenkirchen Niederösterreich
100%
Lichtenegg Niederösterreich
100%
Schwarzenbach Niederösterreich
100%
Winzendorf-Muthmannsdorf Niederösterreich
100%
Rappottenstein Niederösterreich
100%
Schwarzenau Niederösterreich
100%
Schönbach Niederösterreich
100%
Braunau am Inn Oberösterreich
100%
Hochburg-Ach Oberösterreich
100%
Munderfing Oberösterreich
100%
Treubach Oberösterreich
100%
Eferding Oberösterreich
100%
Bad Zell Oberösterreich
100%
Königswiesen Oberösterreich
100%
Unterweitersdorf Oberösterreich
100%
Windhaag bei Freistadt Oberösterreich
100%
Aistersheim Oberösterreich
100%
Bad Schallerbach Oberösterreich
100%
Eschenau im Hausruckkreis Oberösterreich
100%
Kematen am Innbach Oberösterreich
100%
St. Agatha Oberösterreich
100%
St. Thomas Oberösterreich
100%
Taufkirchen an der Trattnach Oberösterreich
100%
Wallern an der Trattnach Oberösterreich
100%
Edlbach Oberösterreich
100%
Grünburg Oberösterreich
100%
Vorderstoder Oberösterreich
100%
Linz Oberösterreich
100%
Asten Oberösterreich
100%
Kronstorf Oberösterreich
100%
Mühlheim am Inn Oberösterreich
100%
Ort im Innkreis Oberösterreich
100%
Peterskirchen Oberösterreich
100%
Taiskirchen im Innkreis Oberösterreich
100%
St. Peter am Wimberg Oberösterreich
100%
Riedau Oberösterreich
100%
Reichraming Oberösterreich
100%
Herzogsdorf Oberösterreich
100%
Berg im Attergau Oberösterreich
100%
Innerschwand am Mondsee Oberösterreich
100%
Mondsee Oberösterreich
100%
Zell am Moos Oberösterreich
100%
Marchtrenk Oberösterreich
100%
Hof bei Salzburg Salzburg
100%
Nußdorf am Haunsberg Salzburg
100%
Sankt Georgen bei Salzburg Salzburg
100%
Altenmarkt im Pongau Salzburg
100%
Dorfgastein Salzburg
100%
Eben im Pongau Salzburg
100%
Filzmoos Salzburg
100%
Radstadt Salzburg
100%
Lessach Salzburg
100%
Thomatal Salzburg
100%
Tweng Salzburg
100%
Bruck an der Großglocknerstraße Salzburg
100%
Fusch an der Großglocknerstraße Salzburg
100%
Kaprun Salzburg
100%
Taxenbach Salzburg
100%
Unken Salzburg
100%
Mariazell Steiermark
100%
Tragöß-Sankt Katharein Steiermark
100%
Frauental an der Laßnitz Steiermark
100%
Lannach Steiermark
100%
Pölfing-Brunn Steiermark
100%
Graz Steiermark
100%
Haselsdorf-Tobelbad Steiermark
100%
Kalsdorf bei Graz Steiermark
100%
Peggau Steiermark
100%
Bad Waltersdorf Steiermark
100%
Grafendorf bei Hartberg Steiermark
100%
Lafnitz Steiermark
100%
Vorau Steiermark
100%
Gamlitz Steiermark
100%
Eisenerz Steiermark
100%
Kraubath an der Mur Steiermark
100%
Trofaiach Steiermark
100%
Admont Steiermark
100%
Schladming Steiermark
100%
Selzthal Steiermark
100%
Schöder Steiermark
100%
St. Peter am Kammersberg Steiermark
100%
Teufenbach-Katsch Steiermark
100%
Pöls-Oberkurzheim Steiermark
100%
Pusterwald Steiermark
100%
Sankt Peter ob Judenburg Steiermark
100%
Seckau Steiermark
100%
Eichkögl Steiermark
100%
Feldbach Steiermark
100%
Mettersdorf am Saßbach Steiermark
100%
Sankt Stefan im Rosental Steiermark
100%
Bärnbach Steiermark
100%
Ligist Steiermark
100%
Naas Steiermark
100%
St. Kathrein am Hauenstein Steiermark
100%
Weiz Steiermark
100%
Imst Tirol
100%
Roppen Tirol
100%
Aldrans Tirol
100%
Ellbögen Tirol
100%
Flaurling Tirol
100%
Gries am Brenner Tirol
100%
Gries im Sellrain Tirol
100%
Gschnitz Tirol
100%
Hatting Tirol
100%
Kolsassberg Tirol
100%
Obernberg am Brenner Tirol
100%
Steinach am Brenner Tirol
100%
Zirl Tirol
100%
Aurach bei Kitzbühel Tirol
100%
Hopfgarten im Brixental Tirol
100%
Kitzbühel Tirol
100%
Waidring Tirol
100%
Kundl Tirol
100%
Fendels Tirol
100%
Fließ Tirol
100%
Stanz bei Landeck Tirol
100%
Tösens Tirol
100%
Iselsberg-Stronach Tirol
100%
Prägraten am Großvenediger Tirol
100%
Gramais Tirol
100%
Höfen Tirol
100%
Eben am Achensee Tirol
100%
Hainzenberg Tirol
100%
Pill Tirol
100%
Ried im Zillertal Tirol
100%
Bürserberg Vorarlberg
100%
Raggal Vorarlberg
100%
St. Anton im Montafon Vorarlberg
100%
St. Gerold Vorarlberg
100%
Egg Vorarlberg
100%
Hohenweiler Vorarlberg
100%
Möggers Vorarlberg
100%
Altach Vorarlberg
100%
Fraxern Vorarlberg
100%
Götzis Vorarlberg
100%
Rankweil Vorarlberg
100%
Zwischenwasser Vorarlberg
100%
Althofen Kärnten
50%
Winklern Kärnten
50%
Stockenboi Kärnten
50%
Harmannsdorf Niederösterreich
50%
Rottenbach Oberösterreich
50%
Seiersberg-Pirka Steiermark
50%
Mutters Tirol
50%
Oberlienz Tirol
50%
Eisenstadt Burgenland
0%
Breitenbrunn am Neusiedler See Burgenland
0%
Großhöflein Burgenland
0%
Hornstein Burgenland
0%
Klingenbach Burgenland
0%
Leithaprodersdorf Burgenland
0%
Loretto Burgenland
0%
Mörbisch am See Burgenland
0%
Müllendorf Burgenland
0%
Neufeld an der Leitha Burgenland
0%
Oslip Burgenland
0%
Sankt Margarethen im Burgenland Burgenland
0%
Schützen am Gebirge Burgenland
0%
Siegendorf Burgenland
0%
Steinbrunn Burgenland
0%
Trausdorf an der Wulka Burgenland
0%
Wimpassing an der Leitha Burgenland
0%
Wulkaprodersdorf Burgenland
0%
Zagersdorf Burgenland
0%
Zillingtal Burgenland
0%
Bildein Burgenland
0%
Bocksdorf Burgenland
0%
Burgauberg-Neudauberg Burgenland
0%
Gerersdorf-Sulz Burgenland
0%
Großmürbisch Burgenland
0%
Güssing Burgenland
0%
Güttenbach Burgenland
0%
Hackerberg Burgenland
0%
Heiligenbrunn Burgenland
0%
Heugraben Burgenland
0%
Inzenhof Burgenland
0%
Kleinmürbisch Burgenland
0%
Kukmirn Burgenland
0%
Moschendorf Burgenland
0%
Neuberg im Burgenland Burgenland
0%
Neustift bei Güssing Burgenland
0%
Olbendorf Burgenland
0%
Ollersdorf im Burgenland Burgenland
0%
Rohr im Burgenland Burgenland
0%
Sankt Michael im Burgenland Burgenland
0%
Stegersbach Burgenland
0%
Strem Burgenland
0%
Tobaj Burgenland
0%
Tschanigraben Burgenland
0%
Wörterberg Burgenland
0%
Deutsch Kaltenbrunn Burgenland
0%
Heiligenkreuz im Lafnitztal Burgenland
0%
Jennersdorf Burgenland
0%
Königsdorf Burgenland
0%
Minihof-Liebau Burgenland
0%
Mühlgraben Burgenland
0%
Neuhaus am Klausenbach Burgenland
0%
Rudersdorf Burgenland
0%
Sankt Martin an der Raab Burgenland
0%
Weichselbaum Burgenland
0%
Bad Sauerbrunn Burgenland
0%
Baumgarten Burgenland
0%
Draßburg Burgenland
0%
Forchtenstein Burgenland
0%
Krensdorf Burgenland
0%
Loipersbach im Burgenland Burgenland
0%
Marz Burgenland
0%
Neudörfl Burgenland
0%
Pöttelsdorf Burgenland
0%
Pöttsching Burgenland
0%
Rohrbach bei Mattersburg Burgenland
0%
Schattendorf Burgenland
0%
Sieggraben Burgenland
0%
Sigleß Burgenland
0%
Wiesen Burgenland
0%
Andau Burgenland
0%
Apetlon Burgenland
0%
Bruckneudorf Burgenland
0%
Deutsch Jahrndorf Burgenland
0%
Edelstal Burgenland
0%
Frauenkirchen Burgenland
0%
Gols Burgenland
0%
Halbturn Burgenland
0%
Illmitz Burgenland
0%
Jois Burgenland
0%
Kittsee Burgenland
0%
Mönchhof Burgenland
0%
Neudorf Burgenland
0%
Neusiedl am See Burgenland
0%
Nickelsdorf Burgenland
0%
Pama Burgenland
0%
Pamhagen Burgenland
0%
Parndorf Burgenland
0%
Potzneusiedl Burgenland
0%
Sankt Andrä am Zicksee Burgenland
0%
Tadten Burgenland
0%
Wallern im Burgenland Burgenland
0%
Weiden am See Burgenland
0%
Winden am See Burgenland
0%
Zurndorf Burgenland
0%
Deutschkreutz Burgenland
0%
Draßmarkt Burgenland
0%
Frankenau-Unterpullendorf Burgenland
0%
Großwarasdorf Burgenland
0%
Horitschon Burgenland
0%
Kaisersdorf Burgenland
0%
Kobersdorf Burgenland
0%
Lackenbach Burgenland
0%
Lackendorf Burgenland
0%
Lockenhaus Burgenland
0%
Mannersdorf an der Rabnitz Burgenland
0%
Markt Sankt Martin Burgenland
0%
Neckenmarkt Burgenland
0%
Nikitsch Burgenland
0%
Oberloisdorf Burgenland
0%
Pilgersdorf Burgenland
0%
Piringsdorf Burgenland
0%
Raiding Burgenland
0%
Ritzing Burgenland
0%
Steinberg-Dörfl Burgenland
0%
Stoob Burgenland
0%
Unterfrauenhaid Burgenland
0%
Unterrabnitz-Schwendgraben Burgenland
0%
Weingraben Burgenland
0%
Weppersdorf Burgenland
0%
Bad Tatzmannsdorf Burgenland
0%
Badersdorf Burgenland
0%
Bernstein Burgenland
0%
Deutsch Schützen-Eisenberg Burgenland
0%
Grafenschachen Burgenland
0%
Großpetersdorf Burgenland
0%
Hannersdorf Burgenland
0%
Jabing Burgenland
0%
Kemeten Burgenland
0%
Kohfidisch Burgenland
0%
Litzelsdorf Burgenland
0%
Loipersdorf-Kitzladen Burgenland
0%
Mariasdorf Burgenland
0%
Markt Allhau Burgenland
0%
Markt Neuhodis Burgenland
0%
Mischendorf Burgenland
0%
Oberdorf im Burgenland Burgenland
0%
Oberschützen Burgenland
0%
Oberwart Burgenland
0%
Pinkafeld Burgenland
0%
Rechnitz Burgenland
0%
Riedlingsdorf Burgenland
0%
Rotenturm an der Pinka Burgenland
0%
Schachendorf Burgenland
0%
Schandorf Burgenland
0%
Stadtschlaining Burgenland
0%
Unterkohlstätten Burgenland
0%
Unterwart Burgenland
0%
Wiesfleck Burgenland
0%
Wolfau Burgenland
0%
Rust Burgenland
0%
Albeck Kärnten
0%
Feldkirchen in Kärnten Kärnten
0%
Glanegg Kärnten
0%
Gnesau Kärnten
0%
Himmelberg Kärnten
0%
Reichenau Kärnten
0%
St. Urban Kärnten
0%
Steindorf am Ossiacher See Kärnten
0%
Steuerberg Kärnten
0%
Gitschtal Kärnten
0%
Hermagor-Pressegger See Kärnten
0%
Kirchbach Kärnten
0%
Kötschach-Mauthen Kärnten
0%
Lesachtal Kärnten
0%
St. Stefan im Gailtal Kärnten
0%
Ebenthal in Kärnten Kärnten
0%
Feistritz im Rosental Kärnten
0%
Ferlach Kärnten
0%
Grafenstein Kärnten
0%
Keutschach am See Kärnten
0%
Krumpendorf am Wörther See Kärnten
0%
Köttmannsdorf Kärnten
0%
Ludmannsdorf Kärnten
0%
Magdalensberg Kärnten
0%
Maria Rain Kärnten
0%
Maria Saal Kärnten
0%
Maria Wörth Kärnten
0%
Moosburg Kärnten
0%
Poggersdorf Kärnten
0%
Pörtschach am Wörther See Kärnten
0%
Schiefling am Wörthersee Kärnten
0%
St. Margareten im Rosental Kärnten
0%
Techelsberg am Wörther See Kärnten
0%
Zell Kärnten
0%
Klagenfurt am Wörthersee Kärnten
0%
Brückl Kärnten
0%
Deutsch-Griffen Kärnten
0%
Eberstein Kärnten
0%
Frauenstein Kärnten
0%
Friesach Kärnten
0%
Glödnitz Kärnten
0%
Gurk Kärnten
0%
Hüttenberg Kärnten
0%
Kappel am Krappfeld Kärnten
0%
Klein St. Paul Kärnten
0%
Metnitz Kärnten
0%
Micheldorf Kärnten
0%
Mölbling Kärnten
0%
St. Georgen am Längsee Kärnten
0%
St. Veit an der Glan Kärnten
0%
Straßburg Kärnten
0%
Weitensfeld im Gurktal Kärnten
0%
Bad Kleinkirchheim Kärnten
0%
Baldramsdorf Kärnten
0%
Berg im Drautal Kärnten
0%
Dellach im Drautal Kärnten
0%
Flattach Kärnten
0%
Gmünd in Kärnten Kärnten
0%
Greifenburg Kärnten
0%
Großkirchheim Kärnten
0%
Irschen Kärnten
0%
Kleblach-Lind Kärnten
0%
Krems in Kärnten Kärnten
0%
Lendorf Kärnten
0%
Lurnfeld Kärnten
0%
Mallnitz Kärnten
0%
Malta Kärnten
0%
Millstatt Kärnten
0%
Mörtschach Kärnten
0%
Mühldorf Kärnten
0%
Oberdrauburg Kärnten
0%
Obervellach Kärnten
0%
Radenthein Kärnten
0%
Rangersdorf Kärnten
0%
Reißeck Kärnten
0%
Sachsenburg Kärnten
0%
Seeboden Kärnten
0%
Spittal an der Drau Kärnten
0%
Stall Kärnten
0%
Weißensee Kärnten
0%
Villach Kärnten
0%
Afritz am See Kärnten
0%
Arnoldstein Kärnten
0%
Arriach Kärnten
0%
Bad Bleiburg Kärnten
0%
Feistritz an der Gail Kärnten
0%
Feld am See Kärnten
0%
Ferndorf Kärnten
0%
Finkenstein am Faaker See Kärnten
0%
Fresach Kärnten
0%
Hohenthurn Kärnten
0%
Nötsch im Gailtal Kärnten
0%
Paternion Kärnten
0%
Rosegg Kärnten
0%
Treffen am Ossiacher See Kärnten
0%
Velden am Wörther See Kärnten
0%
Weißenstein Kärnten
0%
Wernberg Kärnten
0%
Bleiburg Kärnten
0%
Diex Kärnten
0%
Eberndorf Kärnten
0%
Eisenkappel-Vellach Kärnten
0%
Feistritz ob Bleiburg Kärnten
0%
Gallizien Kärnten
0%
Globasnitz Kärnten
0%
Griffen Kärnten
0%
Neuhaus Kärnten
0%
Ruden Kärnten
0%
Sittersdorf Kärnten
0%
St. Kanzian am Klopeiner See Kärnten
0%
Völkermarkt Kärnten
0%
Frantschach-St. Gertraud Kärnten
0%
Lavamünd Kärnten
0%
Preitenegg Kärnten
0%
Reichenfels Kärnten
0%
St. Andrä Kärnten
0%
St. Georgen im Lavanttal Kärnten
0%
St. Paul im Lavanttal Kärnten
0%
Wolfsberg Kärnten
0%
Allhartsberg Niederösterreich
0%
Amstetten Niederösterreich
0%
Ardagger Niederösterreich
0%
Aschbach-Markt Niederösterreich
0%
Behamberg Niederösterreich
0%
Biberbach Niederösterreich
0%
Ennsdorf Niederösterreich
0%
Ernsthofen Niederösterreich
0%
Ertl Niederösterreich
0%
Euratsfeld Niederösterreich
0%
Ferschnitz Niederösterreich
0%
Haag Niederösterreich
0%
Haidershofen Niederösterreich
0%
Hollenstein an der Ybbs Niederösterreich
0%
Kematen an der Ybbs Niederösterreich
0%
Neuhofen an der Ybbs Niederösterreich
0%
Neustadtl an der Donau Niederösterreich
0%
Oed-Oehling Niederösterreich
0%
Opponitz Niederösterreich
0%
Seitenstetten Niederösterreich
0%
Sonntagberg Niederösterreich
0%
St. Georgen am Reith Niederösterreich
0%
St. Georgen am Ybbsfelde Niederösterreich
0%
St. Pantaleon-Erla Niederösterreich
0%
St. Peter in der Au Niederösterreich
0%
St. Valentin Niederösterreich
0%
Strengberg Niederösterreich
0%
Viehdorf Niederösterreich
0%
Wallsee-Sindelburg Niederösterreich
0%
Weistrach Niederösterreich
0%
Winklarn Niederösterreich
0%
Wolfsbach Niederösterreich
0%
Ybbsitz Niederösterreich
0%
Zeillern Niederösterreich
0%
Altenmarkt an der Triesting Niederösterreich
0%
Baden Niederösterreich
0%
Berndorf Niederösterreich
0%
Blumau-Neurißhof Niederösterreich
0%
Ebreichsdorf Niederösterreich
0%
Enzesfeld-Lindabrunn Niederösterreich
0%
Günselsdorf Niederösterreich
0%
Heiligenkreuz Niederösterreich
0%
Hernstein Niederösterreich
0%
Hirtenberg Niederösterreich
0%
Klausen-Leopoldsdorf Niederösterreich
0%
Kottingbrunn Niederösterreich
0%
Leobersdorf Niederösterreich
0%
Mitterndorf an der Fischa Niederösterreich
0%
Pfaffstätten Niederösterreich
0%
Pottenstein Niederösterreich
0%
Reisenberg Niederösterreich
0%
Seibersdorf Niederösterreich
0%
Sooß Niederösterreich
0%
Tattendorf Niederösterreich
0%
Teesdorf Niederösterreich
0%
Traiskirchen Niederösterreich
0%
Trumau Niederösterreich
0%
Weissenbach an der Triesting Niederösterreich
0%
Au am Leithagebirge Niederösterreich
0%
Bad Deutsch-Altenburg Niederösterreich
0%
Berg Niederösterreich
0%
Bruck an der Leitha Niederösterreich
0%
Ebergassing Niederösterreich
0%
Enzersdorf an der Fischa Niederösterreich
0%
Gramatneusiedl Niederösterreich
0%
Göttlesbrunn-Arbesthal Niederösterreich
0%
Götzendorf an der Leitha Niederösterreich
0%
Hainburg an der Donau Niederösterreich
0%
Haslau-Maria Ellend Niederösterreich
0%
Himberg Niederösterreich
0%
Hof am Leithagebirge Niederösterreich
0%
Hundsheim Niederösterreich
0%
Höflein Niederösterreich
0%
Klein-Neusiedl Niederösterreich
0%
Lanzendorf Niederösterreich
0%
Leopoldsdorf Niederösterreich
0%
Mannersdorf am Leithagebirge Niederösterreich
0%
Moosbrunn Niederösterreich
0%
Petronell-Carnuntum Niederösterreich
0%
Rauchenwarth Niederösterreich
0%
Rohrau Niederösterreich
0%
Scharndorf Niederösterreich
0%
Schwechat Niederösterreich
0%
Sommerein Niederösterreich
0%
Wolfsthal Niederösterreich
0%
Zwölfaxing Niederösterreich
0%
Amaliendorf-Aalfang Niederösterreich
0%
Bad Großpertholz Niederösterreich
0%
Brand-Nagelberg Niederösterreich
0%
Eggern Niederösterreich
0%
Eisgarn Niederösterreich
0%
Gmünd Niederösterreich
0%
Großdietmanns Niederösterreich
0%
Großschönau Niederösterreich
0%
Haugschlag Niederösterreich
0%
Heidenreichstein Niederösterreich
0%
Hirschbach Niederösterreich
0%
Hoheneich Niederösterreich
0%
Kirchberg am Walde Niederösterreich
0%
Litschau Niederösterreich
0%
Reingers Niederösterreich
0%
St. Martin Niederösterreich
0%
Unserfrau-Altweitra Niederösterreich
0%
Waldenstein Niederösterreich
0%
Weitra Niederösterreich
0%
Andlersdorf Niederösterreich
0%
Angern an der March Niederösterreich
0%
Auersthal Niederösterreich
0%
Bad Pirawarth Niederösterreich
0%
Deutsch-Wagram Niederösterreich
0%
Drösing Niederösterreich
0%
Dürnkrut Niederösterreich
0%
Eckartsau Niederösterreich
0%
Engelhartstetten Niederösterreich
0%
Glinzendorf Niederösterreich
0%
Groß-Enzersdorf Niederösterreich
0%
Groß-Schweinbarth Niederösterreich
0%
Großhofen Niederösterreich
0%
Gänserndorf Niederösterreich
0%
Haringsee Niederösterreich
0%
Hauskirchen Niederösterreich
0%
Hohenau an der March Niederösterreich
0%
Hohenruppersdorf Niederösterreich
0%
Jedenspeigen Niederösterreich
0%
Lassee Niederösterreich
0%
Leopoldsdorf im Marchfelde Niederösterreich
0%
Mannsdorf an der Donau Niederösterreich
0%
Markgrafneusiedl Niederösterreich
0%
MatzenRaggendorf Niederösterreich
0%
Obersiebenbrunn Niederösterreich
0%
Orth an der Donau Niederösterreich
0%
Palterndorf-Dobermannsdorf Niederösterreich
0%
Parbasdorf Niederösterreich
0%
Raasdorf Niederösterreich
0%
Ringelsdorf-Niederabsdorf Niederösterreich
0%
Schönkirchen-Reyersdorf Niederösterreich
0%
Spannberg Niederösterreich
0%
Strasshof an der Nordbahn Niederösterreich
0%
Sulz im Weinviertel Niederösterreich
0%
Untersiebenbrunn Niederösterreich
0%
Velm-Götzendorf Niederösterreich
0%
Weiden an der March Niederösterreich
0%
Weikendorf Niederösterreich
0%
Zistersdorf Niederösterreich
0%
Alberndorf im Pulkautal Niederösterreich
0%
Grabern Niederösterreich
0%
Guntersdorf Niederösterreich
0%
Göllersdorf Niederösterreich
0%
Hadres Niederösterreich
0%
Hardegg Niederösterreich
0%
Haugsdorf Niederösterreich
0%
Heldenberg Niederösterreich
0%
Hohenwarth-Mühlbach am Manhartsberg Niederösterreich
0%
Hollabrunn Niederösterreich
0%
Mailberg Niederösterreich
0%
Maissau Niederösterreich
0%
Pernersdorf Niederösterreich
0%
Pulkau Niederösterreich
0%
Ravelsbach Niederösterreich
0%
Retz Niederösterreich
0%
Retzbach Niederösterreich
0%
Seefeld-Kadolz Niederösterreich
0%
Sitzendorf an der Schmida Niederösterreich
0%
Wullersdorf Niederösterreich
0%
Zellerndorf Niederösterreich
0%
Ziersdorf Niederösterreich
0%
Altenburg Niederösterreich
0%
Bernhard-Frauenhofen Niederösterreich
0%
Brunn an der Wild Niederösterreich
0%
Burgschleinitz-Kühnring Niederösterreich
0%
Drosendorf-Zissersdorf Niederösterreich
0%
Eggenburg Niederösterreich
0%
Gars am Kamp Niederösterreich
0%
Geras Niederösterreich
0%
Irnfritz-Messern Niederösterreich
0%
Meiseldorf Niederösterreich
0%
Pernegg Niederösterreich
0%
Rosenburg-Mold Niederösterreich
0%
Röhrenbach Niederösterreich
0%
Sigmundsherberg Niederösterreich
0%
Straning-Grafenberg Niederösterreich
0%
Weitersfeld Niederösterreich
0%
Bisamberg Niederösterreich
0%
Enzersfeld im Weinviertel Niederösterreich
0%
Ernstbrunn Niederösterreich
0%
Gerasdorf bei Wien Niederösterreich
0%
Großmugl Niederösterreich
0%
Großrußbach Niederösterreich
0%
Hagenbrunn Niederösterreich
0%
Hausleiten Niederösterreich
0%
Korneuburg Niederösterreich
0%
Langenzersdorf Niederösterreich
0%
Leitzersdorf Niederösterreich
0%
Leobendorf Niederösterreich
0%
Niederhollabrunn Niederösterreich
0%
Rußbach Niederösterreich
0%
Sierndorf Niederösterreich
0%
Stetteldorf am Wagram Niederösterreich
0%
Stetten Niederösterreich
0%
Aggsbach Niederösterreich
0%
Albrechtsberg an der Großen Krems Niederösterreich
0%
Droß Niederösterreich
0%
Dürnstein Niederösterreich
0%
Furth bei Göttweig Niederösterreich
0%
Gedersdorf Niederösterreich
0%
Gföhl Niederösterreich
0%
Grafenegg Niederösterreich
0%
Hadersdorf-Kammern Niederösterreich
0%
Jaidhof Niederösterreich
0%
Krumau am Kamp Niederösterreich
0%
Langenlois Niederösterreich
0%
Lengenfeld Niederösterreich
0%
Lichtenau im Waldviertel Niederösterreich
0%
Maria Laach am Jauerling Niederösterreich
0%
Mautern an der Donau Niederösterreich
0%
Mühldorf Niederösterreich
0%
Paudorf Niederösterreich
0%
Rastenfeld Niederösterreich
0%
Rossatz-Arnsdorf Niederösterreich
0%
Schönberg am Kamp Niederösterreich
0%
Senftenberg Niederösterreich
0%
St. Leonhard am Hornerwald Niederösterreich
0%
Straß im Straßertale Niederösterreich
0%
Stratzing Niederösterreich
0%
Weißenkirchen in der Wachau Niederösterreich
0%
Weinzierl am Walde Niederösterreich
0%
Krems an der Donau Niederösterreich
0%
Annaberg Niederösterreich
0%
Eschenau Niederösterreich
0%
Hainfeld Niederösterreich
0%
Hohenberg Niederösterreich
0%
Kaumberg Niederösterreich
0%
Kleinzell Niederösterreich
0%
Mitterbach am Erlaufsee Niederösterreich
0%
Ramsau Niederösterreich
0%
Rohrbach an der Gölsen Niederösterreich
0%
St. Aegyd am Neuwalde Niederösterreich
0%
St. Veit an der Gölsen Niederösterreich
0%
Traisen Niederösterreich
0%
Bergland Niederösterreich
0%
Bischofstetten Niederösterreich
0%
Blindenmarkt Niederösterreich
0%
Dorfstetten Niederösterreich
0%
Emmersdorf an der Donau Niederösterreich
0%
Erlauf Niederösterreich
0%
Golling an der Erlauf Niederösterreich
0%
Hofamt Niederösterreich
0%
Hürm Niederösterreich
0%
Kilb Niederösterreich
0%
Klein-Pöchlarn Niederösterreich
0%
Krummnußbaum Niederösterreich
0%
Loosdorf Niederösterreich
0%
Mank Niederösterreich
0%
Marbach an der Donau Niederösterreich
0%
Maria Taferl Niederösterreich
0%
Melk Niederösterreich
0%
Münichreith-Laimbach Niederösterreich
0%
Neumarkt an der Ybbs Niederösterreich
0%
Nöchling Niederösterreich
0%
Persenbeug-Gottsdorf Niederösterreich
0%
Petzenkirchen Niederösterreich
0%
Pöchlarn Niederösterreich
0%
Pöggstall Niederösterreich
0%
Ruprechtshofen Niederösterreich
0%
Schollach Niederösterreich
0%
Schönbühel-Aggsbach Niederösterreich
0%
St. Leonhard am Forst Niederösterreich
0%
St. Martin-Karlsbach Niederösterreich
0%
St. Oswald Niederösterreich
0%
Texingtal Niederösterreich
0%
Weiten Niederösterreich
0%
Ybbs an der Donau Niederösterreich
0%
Zelking-Matzleinsdorf Niederösterreich
0%
Altlichtenwarth Niederösterreich
0%
Bockfließ Niederösterreich
0%
Falkenstein Niederösterreich
0%
Fallbach Niederösterreich
0%
Gaubitsch Niederösterreich
0%
Gnadendorf Niederösterreich
0%
Großebersdorf Niederösterreich
0%
Großengersdorf Niederösterreich
0%
Großharras Niederösterreich
0%
Hausbrunn Niederösterreich
0%
Herrnbaumgarten Niederösterreich
0%
Hochleithen Niederösterreich
0%
Kreuttal Niederösterreich
0%
Kreuzstetten Niederösterreich
0%
Laa an der Thaya Niederösterreich
0%
Ladendorf Niederösterreich
0%
Mistelbach Niederösterreich
0%
Neudorf bei Staatz Niederösterreich
0%
Niederleis Niederösterreich
0%
Ottenthal Niederösterreich
0%
Pillichsdorf Niederösterreich
0%
Poysdorf Niederösterreich
0%
Rabensburg Niederösterreich
0%
Schrattenberg Niederösterreich
0%
Staatz Niederösterreich
0%
Stronsdorf Niederösterreich
0%
Ulrichskirchen-Schleinbach Niederösterreich
0%
Unterstinkenbrunn Niederösterreich
0%
Wildendürnbach Niederösterreich
0%
Wilfersdorf Niederösterreich
0%
Wolkersdorf im Weinviertel Niederösterreich
0%
Achau Niederösterreich
0%
Biedermannsdorf Niederösterreich
0%
Breitenfurt bei Wien Niederösterreich
0%
Brunn am Gebirge Niederösterreich
0%
Gaaden Niederösterreich
0%
Gießhübl Niederösterreich
0%
Gumpoldskirchen Niederösterreich
0%
Guntramsdorf Niederösterreich
0%
Hennersdorf Niederösterreich
0%
Hinterbrühl Niederösterreich
0%
Kaltenleutgeben Niederösterreich
0%
Laxenburg Niederösterreich
0%
Maria Enzersdorf Niederösterreich
0%
Mödling Niederösterreich
0%
Münchendorf Niederösterreich
0%
Perchtoldsdorf Niederösterreich
0%
Vösendorf Niederösterreich
0%
Wiener Neudorf Niederösterreich
0%
Wienerwald Niederösterreich
0%
Altendorf Niederösterreich
0%
Aspang-Markt Niederösterreich
0%
Aspangberg-St. Peter Niederösterreich
0%
Breitenau Niederösterreich
0%
Breitenstein Niederösterreich
0%
Buchbach Niederösterreich
0%
Bürg-Vöstenhof Niederösterreich
0%
Edlitz Niederösterreich
0%
Enzenreith Niederösterreich
0%
Feistritz am Wechsel Niederösterreich
0%
Gloggnitz Niederösterreich
0%
Grafenbach-St. Valentin Niederösterreich
0%
Grimmenstein Niederösterreich
0%
Grünbach am Schneeberg Niederösterreich
0%
Höflein an der Hohen Wand Niederösterreich
0%
Kirchberg am Wechsel Niederösterreich
0%
Mönichkirchen Niederösterreich
0%
Natschbach-Loipersbach Niederösterreich
0%
Neunkirchen Niederösterreich
0%
Payerbach Niederösterreich
0%
Pitten Niederösterreich
0%
Prigglitz Niederösterreich
0%
Puchberg am Schneeberg Niederösterreich
0%
Raach am Hochgebirge Niederösterreich
0%
Reichenau an der Rax Niederösterreich
0%
Scheiblingkirchen-Thernberg Niederösterreich
0%
Schrattenbach Niederösterreich
0%
Schwarzau am Steinfeld Niederösterreich
0%
Schwarzau im Gebirge Niederösterreich
0%
Seebenstein Niederösterreich
0%
Semmering Niederösterreich
0%
St. Corona am Wechsel Niederösterreich
0%
St. Egyden am Steinfeld Niederösterreich
0%
Ternitz Niederösterreich
0%
Thomasberg Niederösterreich
0%
Trattenbach Niederösterreich
0%
Warth Niederösterreich
0%
Wartmannstetten Niederösterreich
0%
Willendorf Niederösterreich
0%
Wimpassing im Schwarzatale Niederösterreich
0%
Würflach Niederösterreich
0%
Zöbern Niederösterreich
0%
Gaming Niederösterreich
0%
Gresten Niederösterreich
0%
Gresten-Land Niederösterreich
0%
Göstling an der Ybbs Niederösterreich
0%
Lunz am See Niederösterreich
0%
Oberndorf an der Melk Niederösterreich
0%
Puchenstuben Niederösterreich
0%
Purgstall an der Erlauf Niederösterreich
0%
Randegg Niederösterreich
0%
Reinsberg Niederösterreich
0%
Scheibbs Niederösterreich
0%
St. Anton an der Jeßnitz Niederösterreich
0%
St. Georgen an der Leys Niederösterreich
0%
Steinakirchen am Forst Niederösterreich
0%
Wang Niederösterreich
0%
Wieselburg Niederösterreich
0%
Wieselburg-Land Niederösterreich
0%
Wolfpassing Niederösterreich
0%
St. Pölten Niederösterreich
0%
Altlengbach Niederösterreich
0%
Asperhofen Niederösterreich
0%
Brand-Laaben Niederösterreich
0%
Böheimkirchen Niederösterreich
0%
Eichgraben Niederösterreich
0%
Frankenfels Niederösterreich
0%
Gablitz Niederösterreich
0%
Gerersdorf Niederösterreich
0%
Hafnerbach Niederösterreich
0%
Haunoldstein Niederösterreich
0%
Herzogenburg Niederösterreich
0%
Hofstetten-Grünau Niederösterreich
0%
Inzersdorf-Getzersdorf Niederösterreich
0%
Kapelln Niederösterreich
0%
Karlstetten Niederösterreich
0%
Kasten bei Böheimkirchen Niederösterreich
0%
Kirchberg an der Pielach Niederösterreich
0%
Kirchstetten Niederösterreich
0%
Loich Niederösterreich
0%
Maria-Anzbach Niederösterreich
0%
Markersdorf-Haindorf Niederösterreich
0%
Mauerbach Niederösterreich
0%
Michelbach Niederösterreich
0%
Neidling Niederösterreich
0%
Neulengbach Niederösterreich
0%
Neustift-Innermanzing Niederösterreich
0%
Nußdorf ob der Traisen Niederösterreich
0%
Ober-Grafendorf Niederösterreich
0%
Obritzberg-Rust Niederösterreich
0%
Prinzersdorf Niederösterreich
0%
Purkersdorf Niederösterreich
0%
Pyhra Niederösterreich
0%
Rabenstein an der Pielach Niederösterreich
0%
Schwarzenbach an der Pielach Niederösterreich
0%
Statzendorf Niederösterreich
0%
Stössing Niederösterreich
0%
Traismauer Niederösterreich
0%
Tullnerbach Niederösterreich
0%
Weißenkirchen an der Perschling Niederösterreich
0%
Weinburg Niederösterreich
0%
Wilhelmsburg Niederösterreich
0%
Wolfsgraben Niederösterreich
0%
Wölbling Niederösterreich
0%
Absdorf Niederösterreich
0%
Atzenbrugg Niederösterreich
0%
Fels am Wagram Niederösterreich
0%
Grafenwörth Niederösterreich
0%
Großriedenthal Niederösterreich
0%
Großweikersdorf Niederösterreich
0%
Judenau-Baumgarten Niederösterreich
0%
Kirchberg am Wagram Niederösterreich
0%
Klosterneuburg Niederösterreich
0%
Königsbrunn am Wagram Niederösterreich
0%
Königstetten Niederösterreich
0%
Michelhausen Niederösterreich
0%
Muckendorf-Wipfing Niederösterreich
0%
Sieghartskirchen Niederösterreich
0%
Sitzenberg-Reidling Niederösterreich
0%
St. Andrä-Wördern Niederösterreich
0%
Tulbing Niederösterreich
0%
Tulln an der Donau Niederösterreich
0%
Würmla Niederösterreich
0%
Zeiselmauer-Wolfpassing Niederösterreich
0%
Zwentendorf an der Donau Niederösterreich
0%
Dietmanns Niederösterreich
0%
Dobersberg Niederösterreich
0%
Gastern Niederösterreich
0%
Groß-Siegharts Niederösterreich
0%
Karlstein an der Thaya Niederösterreich
0%
Kautzen Niederösterreich
0%
Ludweis-Aigen Niederösterreich
0%
Raabs an der Thaya Niederösterreich
0%
Vitis Niederösterreich
0%
Waidhofen an der Thaya Niederösterreich
0%
Waldkirchen an der Thaya Niederösterreich
0%
Windigsteig Niederösterreich
0%
Waidhofen an der Ybbs Niederösterreich
0%
Bad Erlach Niederösterreich
0%
Bad Fischau-Brunn Niederösterreich
0%
Bad Schönau Niederösterreich
0%
Bromberg Niederösterreich
0%
Eggendorf Niederösterreich
0%
Felixdorf Niederösterreich
0%
Gutenstein Niederösterreich
0%
Hochwolkersdorf Niederösterreich
0%
Hohe Wand Niederösterreich
0%
Hollenthon Niederösterreich
0%
Katzelsdorf Niederösterreich
0%
Kirchschlag in der Buckligen Welt Niederösterreich
0%
Krumbach Niederösterreich
0%
Lichtenwörth Niederösterreich
0%
Markt Piesting Niederösterreich
0%
Matzendorf-Hölles Niederösterreich
0%
Miesenbach Niederösterreich
0%
Muggendorf Niederösterreich
0%
Pernitz Niederösterreich
0%
Rohr im Gebirge Niederösterreich
0%
Sollenau Niederösterreich
0%
Theresienfeld Niederösterreich
0%
Waidmannsfeld Niederösterreich
0%
Waldegg Niederösterreich
0%
Walpersbach Niederösterreich
0%
Weikersdorf am Steinfelde Niederösterreich
0%
Wiesmath Niederösterreich
0%
Wöllersdorf-Steinabrückl Niederösterreich
0%
Zillingdorf Niederösterreich
0%
Allentsteig Niederösterreich
0%
Altmelon Niederösterreich
0%
Arbesbach Niederösterreich
0%
Bad Traunstein Niederösterreich
0%
Bärnkopf Niederösterreich
0%
Echsenbach Niederösterreich
0%
Grafenschlag Niederösterreich
0%
Groß Gerungs Niederösterreich
0%
Großgöttfritz Niederösterreich
0%
Gutenbrunn Niederösterreich
0%
Göpfritz an der Wild Niederösterreich
0%
Kirchschlag Niederösterreich
0%
Kottes-Purk Niederösterreich
0%
Langschlag Niederösterreich
0%
Martinsberg Niederösterreich
0%
Ottenschlag Niederösterreich
0%
Pölla Niederösterreich
0%
Sallingberg Niederösterreich
0%
Schweiggers Niederösterreich
0%
Waldhausen Niederösterreich
0%
Zwettl Niederösterreich
0%
Altheim Oberösterreich
0%
Aspach Oberösterreich
0%
Auerbach Oberösterreich
0%
Burgkirchen Oberösterreich
0%
Eggelsberg Oberösterreich
0%
Feldkirchen bei Mattighofen Oberösterreich
0%
Franking Oberösterreich
0%
Geretsberg Oberösterreich
0%
Gilgenberg am Weilhart Oberösterreich
0%
Haigermoos Oberösterreich
0%
Handenberg Oberösterreich
0%
Helpfau-Uttendorf Oberösterreich
0%
Höhnhart Oberösterreich
0%
Jeging Oberösterreich
0%
Kirchberg bei Mattighofen Oberösterreich
0%
Lengau Oberösterreich
0%
Lochen Oberösterreich
0%
Maria Schmolln Oberösterreich
0%
Mattighofen Oberösterreich
0%
Mauerkirchen Oberösterreich
0%
Mining Oberösterreich
0%
Moosbach Oberösterreich
0%
Moosdorf Oberösterreich
0%
Neukirchen an der Enknach Oberösterreich
0%
Ostermiething Oberösterreich
0%
Palting Oberösterreich
0%
Perwang am Grabensee Oberösterreich
0%
Pfaffstätt Oberösterreich
0%
Pischelsdorf am Engelbach Oberösterreich
0%
Polling im Innkreis Oberösterreich
0%
Roßbach Oberösterreich
0%
Schalchen Oberösterreich
0%
Schwand im Innkreis Oberösterreich
0%
St. Georgen am Fillmannsbach Oberösterreich
0%
St. Johann am Walde Oberösterreich
0%
St. Pantaleon Oberösterreich
0%
St. Peter am Hart Oberösterreich
0%
St. Radegund Oberösterreich
0%
St. Veit im Innkreis Oberösterreich
0%
Tarsdorf Oberösterreich
0%
Überackern Oberösterreich
0%
Weng im Innkreis Oberösterreich
0%
Alkoven Oberösterreich
0%
Aschach an der Donau Oberösterreich
0%
Fraham Oberösterreich
0%
Haibach ob der Donau Oberösterreich
0%
Hartkirchen Oberösterreich
0%
Hinzenbach Oberösterreich
0%
Prambachkirchen Oberösterreich
0%
Pupping Oberösterreich
0%
Scharten Oberösterreich
0%
St. Marienkirchen an der Polsenz Oberösterreich
0%
Stroheim Oberösterreich
0%
Freistadt Oberösterreich
0%
Grünbach Oberösterreich
0%
Gutau Oberösterreich
0%
Hagenberg im Mühlkreis Oberösterreich
0%
Hirschbach im Mühlkreis Oberösterreich
0%
Kaltenberg Oberösterreich
0%
Kefermarkt Oberösterreich
0%
Lasberg Oberösterreich
0%
Leopoldschlag Oberösterreich
0%
Liebenau Oberösterreich
0%
Neumarkt im Mühlkreis Oberösterreich
0%
Pierbach Oberösterreich
0%
Pregarten Oberösterreich
0%
Rainbach im Mühlkreis Oberösterreich
0%
Sandl Oberösterreich
0%
Schönau im Mühlkreis Oberösterreich
0%
St. Leonhard bei Freistadt Oberösterreich
0%
St. Oswald bei Freistadt Oberösterreich
0%
Tragwein Oberösterreich
0%
Unterweißenbach Oberösterreich
0%
Waldburg Oberösterreich
0%
Wartberg ob der Aist Oberösterreich
0%
Weitersfelden Oberösterreich
0%
Altmünster Oberösterreich
0%
Bad Goisern am Hallstättersee Oberösterreich
0%
Bad Ischl Oberösterreich
0%
Ebensee Oberösterreich
0%
Gmunden Oberösterreich
0%
Gosau Oberösterreich
0%
Grünau im Almtal Oberösterreich
0%
Gschwandt Oberösterreich
0%
Hallstatt Oberösterreich
0%
Kirchham Oberösterreich
0%
Laakirchen Oberösterreich
0%
Obertraun Oberösterreich
0%
Ohlsdorf Oberösterreich
0%
Pinsdorf Oberösterreich
0%
Roitham Oberösterreich
0%
Scharnstein Oberösterreich
0%
St. Konrad Oberösterreich
0%
St. Wolfgang im Salzkammergut Oberösterreich
0%
Traunkirchen Oberösterreich
0%
Vorchdorf Oberösterreich
0%
Gallspach Oberösterreich
0%
Gaspoltshofen Oberösterreich
0%
Geboltskirchen Oberösterreich
0%
Grieskirchen Oberösterreich
0%
Haag am Hausruck Oberösterreich
0%
Heiligenberg Oberösterreich
0%
Hofkirchen an der Trattnach Oberösterreich
0%
Kallham Oberösterreich
0%
Meggenhofen Oberösterreich
0%
Michaelnbach Oberösterreich
0%
Natternbach Oberösterreich
0%
Neukirchen am Walde Oberösterreich
0%
Neumarkt im Hausruckkreis Oberösterreich
0%
Peuerbach Oberösterreich
0%
Pollham Oberösterreich
0%
Pram Oberösterreich
0%
Pötting Oberösterreich
0%
Schlüßlberg Oberösterreich
0%
St. Georgen bei Grieskirchen Oberösterreich
0%
Steegen Oberösterreich
0%
Tollet Oberösterreich
0%
Waizenkirchen Oberösterreich
0%
Weibern Oberösterreich
0%
Wendling Oberösterreich
0%
Hinterstoder Oberösterreich
0%
Inzersdorf im Kremstal Oberösterreich
0%
Kirchdorf an der Krems Oberösterreich
0%
Klaus an der Pyhrnbahn Oberösterreich
0%
Kremsmünster Oberösterreich
0%
Micheldorf in Oberösterreich Oberösterreich
0%
Molln Oberösterreich
0%
Nußbach Oberösterreich
0%
Oberschlierbach Oberösterreich
0%
Pettenbach Oberösterreich
0%
Ried im Traunkreis Oberösterreich
0%
Roßleithen Oberösterreich
0%
Rosenau am Hengstpaß Oberösterreich
0%
Schlierbach Oberösterreich
0%
Spital am Pyhrn Oberösterreich
0%
St. Pankraz Oberösterreich
0%
Steinbach am Ziehberg Oberösterreich
0%
Steinbach an der Steyr Oberösterreich
0%
Wartberg an der Krems Oberösterreich
0%
Windischgarsten Oberösterreich
0%
Allhaming Oberösterreich
0%
Ansfelden Oberösterreich
0%
Eggendorf im Traunkreis Oberösterreich
0%
Enns Oberösterreich
0%
Hargelsberg Oberösterreich
0%
Hofkirchen im Traunkreis Oberösterreich
0%
Hörsching Oberösterreich
0%
Kematen an der Krems Oberösterreich
0%
Kirchberg-Thening Oberösterreich
0%
Leonding Oberösterreich
0%
Neuhofen an der Krems Oberösterreich
0%
Niederneukirchen Oberösterreich
0%
Oftering Oberösterreich
0%
Pasching Oberösterreich
0%
Piberbach Oberösterreich
0%
Pucking Oberösterreich
0%
St. Florian Oberösterreich
0%
St. Marien Oberösterreich
0%
Traun Oberösterreich
0%
Wilhering Oberösterreich
0%
Allerheiligen im Mühlkreis Oberösterreich
0%
Arbing Oberösterreich
0%
Bad Kreuzen Oberösterreich
0%
Baumgartenberg Oberösterreich
0%
Dimbach Oberösterreich
0%
Grein Oberösterreich
0%
Katsdorf Oberösterreich
0%
Klam Oberösterreich
0%
Langenstein Oberösterreich
0%
Luftenberg an der Donau Oberösterreich
0%
Mauthausen Oberösterreich
0%
Mitterkirchen im Machland Oberösterreich
0%
Münzbach Oberösterreich
0%
Naarn im Machlande Oberösterreich
0%
Pabneukirchen Oberösterreich
0%
Perg Oberösterreich
0%
Rechberg Oberösterreich
0%
Ried in der Riedmark Oberösterreich
0%
Saxen Oberösterreich
0%
Schwertberg Oberösterreich
0%
St. Georgen am Walde Oberösterreich
0%
St. Georgen an der Gusen Oberösterreich
0%
St. Nikola an der Donau Oberösterreich
0%
St. Thomas am Blasenstein Oberösterreich
0%
Waldhausen im Strudengau Oberösterreich
0%
Windhaag bei Perg Oberösterreich
0%
Andrichsfurt Oberösterreich
0%
Antiesenhofen Oberösterreich
0%
Aurolzmünster Oberösterreich
0%
Eberschwang Oberösterreich
0%
Eitzing Oberösterreich
0%
Geiersberg Oberösterreich
0%
Geinberg Oberösterreich
0%
Gurten Oberösterreich
0%
Hohenzell Oberösterreich
0%
Kirchdorf am Inn Oberösterreich
0%
Kirchheim im Innkreis Oberösterreich
0%
Lambrechten Oberösterreich
0%
Lohnsburg am Kobernaußerwald Oberösterreich
0%
Mehrnbach Oberösterreich
0%
Mettmach Oberösterreich
0%
Mörschwang Oberösterreich
0%
Neuhofen im Innkreis Oberösterreich
0%
Obernberg am Inn Oberösterreich
0%
Pattigham Oberösterreich
0%
Pramet Oberösterreich
0%
Reichersberg Oberösterreich
0%
Ried im Innkreis Oberösterreich
0%
Schildorn Oberösterreich
0%
Senftenbach Oberösterreich
0%
St. Georgen bei Obernberg am Inn Oberösterreich
0%
St. Marienkirchen am Hausruck Oberösterreich
0%
St. Martin im Innkreis Oberösterreich
0%
Tumeltsham Oberösterreich
0%
Utzenaich Oberösterreich
0%
Waldzell Oberösterreich
0%
Weilbach Oberösterreich
0%
Wippenham Oberösterreich
0%
Aigen-Schlägl Oberösterreich
0%
Altenfelden Oberösterreich
0%
Arnreit Oberösterreich
0%
Atzesberg Oberösterreich
0%
Auberg Oberösterreich
0%
Haslach an der Mühl Oberösterreich
0%
Helfenberg Oberösterreich
0%
Hofkirchen im Mühlkreis Oberösterreich
0%
Hörbich Oberösterreich
0%
Julbach Oberösterreich
0%
Kirchberg ob der Donau Oberösterreich
0%
Klaffer am Hochficht Oberösterreich
0%
Kleinzell im Mühlkreis Oberösterreich
0%
Kollerschlag Oberösterreich
0%
Lembach im Mühlkreis Oberösterreich
0%
Lichtenau im Mühlkreis Oberösterreich
0%
Nebelberg Oberösterreich
0%
Neufelden Oberösterreich
0%
Neustift im Mühlkreis Oberösterreich
0%
Niederkappel Oberösterreich
0%
Niederwaldkirchen Oberösterreich
0%
Oberkappel Oberösterreich
0%
Oepping Oberösterreich
0%
Peilstein im Mühlviertel Oberösterreich
0%
Pfarrkirchen im Mühlkreis Oberösterreich
0%
Putzleinsdorf Oberösterreich
0%
Rohrbach-Berg Oberösterreich
0%
Sarleinsbach Oberösterreich
0%
Schwarzenberg am Böhmerwald Oberösterreich
0%
St. Johann am Wimberg Oberösterreich
0%
St. Martin im Mühlkreis Oberösterreich
0%
St. Oswald bei Haslach Oberösterreich
0%
St. Stefan-Afiesl Oberösterreich
0%
St. Ulrich im Mühlkreis Oberösterreich
0%
St. Veit im Mühlkreis Oberösterreich
0%
Ulrichsberg Oberösterreich
0%
Altschwendt Oberösterreich
0%
Andorf Oberösterreich
0%
Brunnenthal Oberösterreich
0%
Diersbach Oberösterreich
0%
Dorf an der Pram Oberösterreich
0%
Eggerding Oberösterreich
0%
Engelhartszell Oberösterreich
0%
Enzenkirchen Oberösterreich
0%
Esternberg Oberösterreich
0%
Freinberg Oberösterreich
0%
Kopfing im Innkreis Oberösterreich
0%
Mayrhof Oberösterreich
0%
Münzkirchen Oberösterreich
0%
Raab Oberösterreich
0%
Rainbach im Innkreis Oberösterreich
0%
Schardenberg Oberösterreich
0%
Schärding Oberösterreich
0%
Sigharting Oberösterreich
0%
St. Aegidi Oberösterreich
0%
St. Florian am Inn Oberösterreich
0%
St. Marienkirchen bei Schärding Oberösterreich
0%
St. Roman Oberösterreich
0%
St. Willibald Oberösterreich
0%
Suben Oberösterreich
0%
Taufkirchen an der Pram Oberösterreich
0%
Vichtenstein Oberösterreich
0%
Waldkirchen am Wesen Oberösterreich
0%
Wernstein am Inn Oberösterreich
0%
Zell an der Pram Oberösterreich
0%
Steyr Oberösterreich
0%
Adlwang Oberösterreich
0%
Aschach an der Steyr Oberösterreich
0%
Bad Hall Oberösterreich
0%
Dietach Oberösterreich
0%
Gaflenz Oberösterreich
0%
Garsten Oberösterreich
0%
Großraming Oberösterreich
0%
Laussa Oberösterreich
0%
Losenstein Oberösterreich
0%
Maria Neustift Oberösterreich
0%
Pfarrkirchen bei Bad Hall Oberösterreich
0%
Rohr im Kremstal Oberösterreich
0%
Schiedlberg Oberösterreich
0%
Sierning Oberösterreich
0%
St. Ulrich bei Steyr Oberösterreich
0%
Ternberg Oberösterreich
0%
Waldneukirchen Oberösterreich
0%
Weyer Oberösterreich
0%
Wolfern Oberösterreich
0%
Alberndorf in der Riedmark Oberösterreich
0%
Altenberg bei Linz Oberösterreich
0%
Bad Leonfelden Oberösterreich
0%
Eidenberg Oberösterreich
0%
Engerwitzdorf Oberösterreich
0%
Feldkirchen an der Donau Oberösterreich
0%
Gallneukirchen Oberösterreich
0%
Goldwörth Oberösterreich
0%
Gramastetten Oberösterreich
0%
Haibach im Mühlkreis Oberösterreich
0%
Hellmonsödt Oberösterreich
0%
Kirchschlag bei Linz Oberösterreich
0%
Lichtenberg Oberösterreich
0%
Oberneukirchen Oberösterreich
0%
Ottenschlag im Mühlkreis Oberösterreich
0%
Ottensheim Oberösterreich
0%
Puchenau Oberösterreich
0%
Reichenau im Mühlkreis Oberösterreich
0%
Reichenthal Oberösterreich
0%
Schenkenfelden Oberösterreich
0%
Sonnberg im Mühlkreis Oberösterreich
0%
St. Gotthard im Mühlkreis Oberösterreich
0%
Steyregg Oberösterreich
0%
Vorderweißenbach Oberösterreich
0%
Walding Oberösterreich
0%
Zwettl an der Rodl Oberösterreich
0%
Ampflwang im Hausruckwald Oberösterreich
0%
Attersee am Attersee Oberösterreich
0%
Attnang-Puchheim Oberösterreich
0%
Atzbach Oberösterreich
0%
Aurach am Hongar Oberösterreich
0%
Desselbrunn Oberösterreich
0%
Fornach Oberösterreich
0%
Frankenburg am Hausruck Oberösterreich
0%
Frankenmarkt Oberösterreich
0%
Gampern Oberösterreich
0%
Lenzing Oberösterreich
0%
Manning Oberösterreich
0%
Neukirchen an der Vöckla Oberösterreich
0%
Niederthalheim Oberösterreich
0%
Nußdorf am Attersee Oberösterreich
0%
Oberhofen am Irrsee Oberösterreich
0%
Oberndorf bei Schwanenstadt Oberösterreich
0%
Oberwang Oberösterreich
0%
Ottnang am Hausruck Oberösterreich
0%
Pfaffing Oberösterreich
0%
Pilsbach Oberösterreich
0%
Pitzenberg Oberösterreich
0%
Puchkirchen am Trattberg Oberösterreich
0%
Pöndorf Oberösterreich
0%
Pühret Oberösterreich
0%
Redleiten Oberösterreich
0%
Redlham Oberösterreich
0%
Regau Oberösterreich
0%
Rutzenham Oberösterreich
0%
Rüstorf Oberösterreich
0%
Schlatt Oberösterreich
0%
Schwanenstadt Oberösterreich
0%
Schörfling am Attersee Oberösterreich
0%
Seewalchen am Attersee Oberösterreich
0%
St. Georgen im Attergau Oberösterreich
0%
St. Lorenz Oberösterreich
0%
Steinbach am Attersee Oberösterreich
0%
Straß im Attergau Oberösterreich
0%
Tiefgraben Oberösterreich
0%
Timelkam Oberösterreich
0%
Ungenach Oberösterreich
0%
Unterach am Attersee Oberösterreich
0%
Vöcklabruck Oberösterreich
0%
Vöcklamarkt Oberösterreich
0%
Weißenkirchen im Attergau Oberösterreich
0%
Weyregg am Attersee Oberösterreich
0%
Wolfsegg am Hausruck Oberösterreich
0%
Zell am Pettenfirst Oberösterreich
0%
Wels Oberösterreich
0%
Aichkirchen Oberösterreich
0%
Bachmanning Oberösterreich
0%
Buchkirchen Oberösterreich
0%
Eberstalzell Oberösterreich
0%
Edt bei Lambach Oberösterreich
0%
Fischlham Oberösterreich
0%
Gunskirchen Oberösterreich
0%
Holzhausen Oberösterreich
0%
Krenglbach Oberösterreich
0%
Lambach Oberösterreich
0%
Neukirchen bei Lambach Oberösterreich
0%
Offenhausen Oberösterreich
0%
Pennewang Oberösterreich
0%
Pichl bei Wels Oberösterreich
0%
Sattledt Oberösterreich
0%
Schleißheim Oberösterreich
0%
Sipbachzell Oberösterreich
0%
Stadl-Paura Oberösterreich
0%
Steinerkirchen an der Traun Oberösterreich
0%
Steinhaus Oberösterreich
0%
Thalheim bei Wels Oberösterreich
0%
Weißkirchen an der Traun Oberösterreich
0%
Wimsbach-Neydharting Oberösterreich
0%
Abtenau Salzburg
0%
Adnet Salzburg
0%
Annaberg-Lungötz Salzburg
0%
Bad Vigaun Salzburg
0%
Golling an der Salzach Salzburg
0%
Hallein Salzburg
0%
Krispl Salzburg
0%
Kuchl Salzburg
0%
Oberalm Salzburg
0%
Puch bei Hallein Salzburg
0%
Rußbach am Paß Gschütt Salzburg
0%
Sankt Koloman Salzburg
0%
Scheffau am Tennengebirge Salzburg
0%
Salzburg Salzburg
0%
Anif Salzburg
0%
Anthering Salzburg
0%
Bergheim Salzburg
0%
Berndorf bei Salzburg Salzburg
0%
Bürmoos Salzburg
0%
Dorfbeuern Salzburg
0%
Ebenau Salzburg
0%
Elixhausen Salzburg
0%
Elsbethen Salzburg
0%
Eugendorf Salzburg
0%
Faistenau Salzburg
0%
Fuschl am See Salzburg
0%
Großgmain Salzburg
0%
Grödig Salzburg
0%
Göming Salzburg
0%
Hallwang Salzburg
0%
Henndorf am Wallersee Salzburg
0%
Hintersee Salzburg
0%
Koppl Salzburg
0%
Köstendorf Salzburg
0%
Lamprechtshausen Salzburg
0%
Mattsee Salzburg
0%
Neumarkt am Wallersee Salzburg
0%
Oberndorf bei Salzburg Salzburg
0%
Obertrum am See Salzburg
0%
Plainfeld Salzburg
0%
Sankt Gilgen Salzburg
0%
Schleedorf Salzburg
0%
Seeham Salzburg
0%
Seekirchen am Wallersee Salzburg
0%
Straßwalchen Salzburg
0%
Strobl Salzburg
0%
Thalgau Salzburg
0%
Wals-Siezenheim Salzburg
0%
Bad Gastein Salzburg
0%
Bad Hofgastein Salzburg
0%
Bischofshofen Salzburg
0%
Flachau Salzburg
0%
Forstau Salzburg
0%
Goldegg Salzburg
0%
Großarl Salzburg
0%
Hüttau Salzburg
0%
Hüttschlag Salzburg
0%
Kleinarl Salzburg
0%
Mühlbach am Hochkönig Salzburg
0%
Pfarrwerfen Salzburg
0%
Sankt Johann im Pongau Salzburg
0%
Sankt Martin am Tennengebirge Salzburg
0%
Sankt Veit im Pongau Salzburg
0%
Schwarzach im Pongau Salzburg
0%
Untertauern Salzburg
0%
Wagrain Salzburg
0%
Werfen Salzburg
0%
Werfenweng Salzburg
0%
Göriach Salzburg
0%
Mariapfarr Salzburg
0%
Mauterndorf Salzburg
0%
Muhr Salzburg
0%
Ramingstein Salzburg
0%
Sankt Andrä im Lungau Salzburg
0%
Sankt Margarethen im Lungau Salzburg
0%
Sankt Michael im Lungau Salzburg
0%
Tamsweg Salzburg
0%
Unternberg Salzburg
0%
Weißpriach Salzburg
0%
Zederhaus Salzburg
0%
Bramberg am Wildkogel Salzburg
0%
Dienten am Hochkönig Salzburg
0%
Hollersbach im Pinzgau Salzburg
0%
Krimml Salzburg
0%
Lend Salzburg
0%
Leogang Salzburg
0%
Lofer Salzburg
0%
Maishofen Salzburg
0%
Maria Alm am Steinernen Meer Salzburg
0%
Mittersill Salzburg
0%
Neukirchen am Großvenediger Salzburg
0%
Niedernsill Salzburg
0%
Piesendorf Salzburg
0%
Rauris Salzburg
0%
Saalbach-Hinterglemm Salzburg
0%
Saalfelden am Steinernen Meer Salzburg
0%
Sankt Martin bei Lofer Salzburg
0%
Stuhlfelden Salzburg
0%
Uttendorf Salzburg
0%
Viehhofen Salzburg
0%
Wald im Pinzgau Salzburg
0%
Weißbach bei Lofer Salzburg
0%
Zell am See Salzburg
0%
Aflenz Steiermark
0%
Breitenau am Hochlantsch Steiermark
0%
Bruck an der Mur Steiermark
0%
Kapfenberg Steiermark
0%
Kindberg Steiermark
0%
Krieglach Steiermark
0%
Langenwang Steiermark
0%
Mürzzuschlag Steiermark
0%
Neuberg an der Mürz Steiermark
0%
Pernegg an der Mur Steiermark
0%
Sankt Barbara im Mürztal Steiermark
0%
Sankt Lorenzen im Mürztal Steiermark
0%
Sankt Marein im Mürztal Steiermark
0%
Spital am Semmering Steiermark
0%
Stanz im Mürztal Steiermark
0%
Thörl Steiermark
0%
Turnau Steiermark
0%
Deutschlandsberg Steiermark
0%
Eibiswald Steiermark
0%
Groß Sankt Florian Steiermark
0%
Preding Steiermark
0%
Sankt Josef (Weststeiermark) Steiermark
0%
Sankt Martin im Sulmtal Steiermark
0%
Sankt Peter im Sulmtal Steiermark
0%
Sankt Stefan ob Stainz Steiermark
0%
Bad Schwanberg Steiermark
0%
Stainz Steiermark
0%
Wettmannstätten Steiermark
0%
Wies Steiermark
0%
Deutschfeistritz Steiermark
0%
Dobl-Zwaring Steiermark
0%
Eggersdorf bei Graz Steiermark
0%
Feldkirchen bei Graz Steiermark
0%
Fernitz-Mellach Steiermark
0%
Frohnleiten Steiermark
0%
Gratkorn Steiermark
0%
Gratwein-Straßengel Steiermark
0%
Gössendorf Steiermark
0%
Hart bei Graz Steiermark
0%
Hausmannstätten Steiermark
0%
Hitzendorf Steiermark
0%
Kainbach bei Graz Steiermark
0%
Kumberg Steiermark
0%
Laßnitzhöhe Steiermark
0%
Lieboch Steiermark
0%
Nestelbach bei Graz Steiermark
0%
Raaba-Grambach Steiermark
0%
Sankt Bartholomä Steiermark
0%
Sankt Marein bei Graz Steiermark
0%
Sankt Oswald bei Plankenwarth Steiermark
0%
Sankt Radegund bei Graz Steiermark
0%
Semriach Steiermark
0%
Stattegg Steiermark
0%
Stiwoll Steiermark
0%
Thal Steiermark
0%
Übelbach Steiermark
0%
Premstätten Steiermark
0%
Vasoldsberg Steiermark
0%
Weinitzen Steiermark
0%
Werndorf Steiermark
0%
Wundschuh Steiermark
0%
Bad Blumau Steiermark
0%
Burgau Steiermark
0%
Dechantskirchen Steiermark
0%
Ebersdorf Steiermark
0%
Feistritztal Steiermark
0%
Friedberg Steiermark
0%
Fürstenfeld Steiermark
0%
Greinbach Steiermark
0%
Großsteinbach Steiermark
0%
Großwilfersdorf Steiermark
0%
Hartberg Steiermark
0%
Hartberg Umgebung Steiermark
0%
Hartl Steiermark
0%
Ilz Steiermark
0%
Kaindorf Steiermark
0%
Bad Loipersdorf Steiermark
0%
Neudau Steiermark
0%
Ottendorf an der Rittschein Steiermark
0%
Pinggau Steiermark
0%
Pöllau Steiermark
0%
Pöllauberg Steiermark
0%
Rohr bei Hartberg Steiermark
0%
Rohrbach an der Lafnitz Steiermark
0%
Sankt Jakob im Walde Steiermark
0%
Sankt Johann in der Haide Steiermark
0%
Sankt Lorenzen am Wechsel Steiermark
0%
Schäffern Steiermark
0%
Stubenberg Steiermark
0%
Söchau Steiermark
0%
Waldbach-Mönichwald Steiermark
0%
Wenigzell Steiermark
0%
Buch-St. Magdalena Steiermark
0%
Arnfels Steiermark
0%
Allerheiligen bei Wildon Steiermark
0%
Ehrenhausen an der Weinstraße Steiermark
0%
Empersdorf Steiermark
0%
Gabersdorf Steiermark
0%
Gleinstätten Steiermark
0%
Gralla Steiermark
0%
Großklein Steiermark
0%
Heiligenkreuz am Waasen Steiermark
0%
Heimschuh Steiermark
0%
Hengsberg Steiermark
0%
Kitzeck im Sausal Steiermark
0%
Lang Steiermark
0%
Lebring-Sankt Margarethen Steiermark
0%
Leibnitz Steiermark
0%
Leutschach an der Weinstraße Steiermark
0%
Oberhaag Steiermark
0%
Ragnitz Steiermark
0%
Sankt Andrä-Höch Steiermark
0%
Sankt Georgen an der Stiefing Steiermark
0%
Sankt Johann im Saggautal Steiermark
0%
Sankt Nikolai im Sausal Steiermark
0%
Sankt Veit in der Südsteiermark Steiermark
0%
Schwarzautal Steiermark
0%
Straß in Steiermark Steiermark
0%
Tillmitsch Steiermark
0%
Wagna Steiermark
0%
Wildon Steiermark
0%
Kalwang Steiermark
0%
Kammern im Liesingtal Steiermark
0%
Leoben Steiermark
0%
Mautern in Steiermark Steiermark
0%
Niklasdorf Steiermark
0%
Proleb Steiermark
0%
Radmer Steiermark
0%
Sankt Michael in Obersteiermark Steiermark
0%
Sankt Peter-Freienstein Steiermark
0%
Sankt Stefan ob Leoben Steiermark
0%
Traboch Steiermark
0%
Vordernberg Steiermark
0%
Wald am Schoberpaß Steiermark
0%
Aich Steiermark
0%
Aigen im Ennstal Steiermark
0%
Altaussee Steiermark
0%
Altenmarkt bei Sankt Gallen Steiermark
0%
Ardning Steiermark
0%
Bad Aussee Steiermark
0%
Bad Mitterndorf Steiermark
0%
Gaishorn am See Steiermark
0%
Gröbming Steiermark
0%
Grundlsee Steiermark
0%
Haus Steiermark
0%
Irdning-Donnersbachtal Steiermark
0%
Landl Steiermark
0%
Lassing Steiermark
0%
Liezen Steiermark
0%
Michaelerberg-Pruggern Steiermark
0%
Mitterberg-Sankt Martin Steiermark
0%
Öblarn Steiermark
0%
Ramsau am Dachstein Steiermark
0%
Rottenmann Steiermark
0%
Sankt Gallen Steiermark
0%
Sölk Steiermark
0%
Stainach-Pürgg Steiermark
0%
Trieben Steiermark
0%
Wildalpen Steiermark
0%
Wörschach Steiermark
0%
Krakau Steiermark
0%
Mühlen Steiermark
0%
Murau Steiermark
0%
Neumarkt in der Steiermark Steiermark
0%
Niederwölz Steiermark
0%
Oberwölz Steiermark
0%
Ranten Steiermark
0%
Sankt Georgen am Kreischberg Steiermark
0%
Sankt Lambrecht Steiermark
0%
Scheifling Steiermark
0%
Stadl-Predlitz Steiermark
0%
Fohnsdorf Steiermark
0%
Gaal Steiermark
0%
Lobmingtal Steiermark
0%
Hohentauern Steiermark
0%
Judenburg Steiermark
0%
Knittelfeld Steiermark
0%
Kobenz Steiermark
0%
Obdach Steiermark
0%
Pölstal Steiermark
0%
Sankt Georgen ob Judenburg Steiermark
0%
Sankt Marein-Feistritz Steiermark
0%
Sankt Margarethen bei Knittelfeld Steiermark
0%
Spielberg Steiermark
0%
Unzmarkt-Frauenburg Steiermark
0%
Weißkirchen in Steiermark Steiermark
0%
Zeltweg Steiermark
0%
Bad Gleichenberg Steiermark
0%
Bad Radkersburg Steiermark
0%
Deutsch Goritz Steiermark
0%
Edelsbach bei Feldbach Steiermark
0%
Fehring Steiermark
0%
Gnas Steiermark
0%
Halbenrain Steiermark
0%
Jagerberg Steiermark
0%
Kapfenstein Steiermark
0%
Kirchbach-Zerlach Steiermark
0%
Kirchberg an der Raab Steiermark
0%
Klöch Steiermark
0%
Mureck Steiermark
0%
Paldau Steiermark
0%
Pirching am Traubenberg Steiermark
0%
Riegersburg Steiermark
0%
Sankt Anna am Aigen Steiermark
0%
Sankt Peter am Ottersbach Steiermark
0%
Straden Steiermark
0%
Tieschen Steiermark
0%
Unterlamm Steiermark
0%
Edelschrott Steiermark
0%
Geistthal-Södingberg Steiermark
0%
Hirschegg-Pack Steiermark
0%
Kainach bei Voitsberg Steiermark
0%
Krottendorf-Gaisfeld Steiermark
0%
Köflach Steiermark
0%
Maria Lankowitz Steiermark
0%
Mooskirchen Steiermark
0%
Rosental an der Kainach Steiermark
0%
Sankt Martin am Wöllmißberg Steiermark
0%
Söding-Sankt Johann Steiermark
0%
Stallhofen Steiermark
0%
Voitsberg Steiermark
0%
Albersdorf-Prebuch Steiermark
0%
Anger Steiermark
0%
Birkfeld Steiermark
0%
Fischbach Steiermark
0%
Fladnitz an der Teichalm Steiermark
0%
Floing Steiermark
0%
Gasen Steiermark
0%
Gersdorf an der Feistritz Steiermark
0%
Gleisdorf Steiermark
0%
Gutenberg-Stenzengreith Steiermark
0%
Hofstätten an der Raab Steiermark
0%
Ilztal Steiermark
0%
Ludersdorf-Wilfersdorf Steiermark
0%
Markt Hartmannsdorf Steiermark
0%
Miesenbach bei Birkfeld Steiermark
0%
Mitterdorf an der Raab Steiermark
0%
Mortantsch Steiermark
0%
Passail Steiermark
0%
Pischelsdorf am Kulm Steiermark
0%
Puch bei Weiz Steiermark
0%
Ratten Steiermark
0%
Rettenegg Steiermark
0%
Sankt Kathrein am Offenegg Steiermark
0%
Sankt Ruprecht an der Raab Steiermark
0%
Sinabelkirchen Steiermark
0%
St. Margarethen an der Raab Steiermark
0%
Strallegg Steiermark
0%
Thannhausen Steiermark
0%
Arzl im Pitztal Tirol
0%
Haiming Tirol
0%
Imsterberg Tirol
0%
Jerzens Tirol
0%
Karres Tirol
0%
Karrösten Tirol
0%
Längenfeld Tirol
0%
Mieming Tirol
0%
Mils bei Imst Tirol
0%
Mötz Tirol
0%
Nassereith Tirol
0%
Obsteig Tirol
0%
Oetz Tirol
0%
Rietz Tirol
0%
Sautens Tirol
0%
Silz Tirol
0%
St. Leonhard im Pitztal Tirol
0%
Stams Tirol
0%
Sölden Tirol
0%
Tarrenz Tirol
0%
Umhausen Tirol
0%
Wenns Tirol
0%
Innsbruck Tirol
0%
Absam Tirol
0%
Ampass Tirol
0%
Axams Tirol
0%
Baumkirchen Tirol
0%
Birgitz Tirol
0%
Fritzens Tirol
0%
Fulpmes Tirol
0%
Gnadenwald Tirol
0%
Grinzens Tirol
0%
Götzens Tirol
0%
Hall in Tirol Tirol
0%
Inzing Tirol
0%
Kematen in Tirol Tirol
0%
Kolsass Tirol
0%
Lans Tirol
0%
Leutasch Tirol
0%
Matrei am Brenner Tirol
0%
Mieders Tirol
0%
Mils Tirol
0%
Mühlbachl Tirol
0%
Natters Tirol
0%
Navis Tirol
0%
Neustift im Stubaital Tirol
0%
Oberhofen im Inntal Tirol
0%
Oberperfuss Tirol
0%
Patsch Tirol
0%
Pettnau Tirol
0%
Pfaffenhofen Tirol
0%
Pfons Tirol
0%
Polling in Tirol Tirol
0%
Ranggen Tirol
0%
Reith bei Seefeld Tirol
0%
Rinn Tirol
0%
Rum Tirol
0%
Scharnitz Tirol
0%
Schmirn Tirol
0%
Schönberg im Stubaital Tirol
0%
Seefeld in Tirol Tirol
0%
Sellrain Tirol
0%
Sistrans Tirol
0%
St. Sigmund im Sellrain Tirol
0%
Telfes im Stubai Tirol
0%
Telfs Tirol
0%
Thaur Tirol
0%
Trins Tirol
0%
Tulfes Tirol
0%
Unterperfuss Tirol
0%
Vals Tirol
0%
Volders Tirol
0%
Völs Tirol
0%
Wattenberg Tirol
0%
Wattens Tirol
0%
Wildermieming Tirol
0%
Brixen im Thale Tirol
0%
Fieberbrunn Tirol
0%
Going am Wilden Kaiser Tirol
0%
Hochfilzen Tirol
0%
Itter Tirol
0%
Jochberg Tirol
0%
Kirchberg in Tirol Tirol
0%
Kirchdorf in Tirol Tirol
0%
Kössen Tirol
0%
Oberndorf in Tirol Tirol
0%
Reith bei Kitzbühel Tirol
0%
Schwendt Tirol
0%
St. Jakob in Haus Tirol
0%
St. Johann in Tirol Tirol
0%
St. Ulrich am Pillersee Tirol
0%
Westendorf Tirol
0%
Alpbach Tirol
0%
Angath Tirol
0%
Angerberg Tirol
0%
Bad Häring Tirol
0%
Brandenberg Tirol
0%
Breitenbach am Inn Tirol
0%
Brixlegg Tirol
0%
Ebbs Tirol
0%
Ellmau Tirol
0%
Erl Tirol
0%
Kirchbichl Tirol
0%
Kramsach Tirol
0%
Kufstein Tirol
0%
Langkampfen Tirol
0%
Mariastein Tirol
0%
Münster Tirol
0%
Niederndorf Tirol
0%
Niederndorferberg Tirol
0%
Radfeld Tirol
0%
Rattenberg Tirol
0%
Reith im Alpbachtal Tirol
0%
Rettenschöss Tirol
0%
Scheffau am Wilden Kaiser Tirol
0%
Schwoich Tirol
0%
Söll Tirol
0%
Thiersee Tirol
0%
Walchsee Tirol
0%
Wildschönau Tirol
0%
Wörgl Tirol
0%
Faggen Tirol
0%
Fiss Tirol
0%
Flirsch Tirol
0%
Galtür Tirol
0%
Grins Tirol
0%
Ischgl Tirol
0%
Kappl Tirol
0%
Kaunerberg Tirol
0%
Kaunertal Tirol
0%
Kauns Tirol
0%
Ladis Tirol
0%
Landeck Tirol
0%
Nauders Tirol
0%
Pettneu am Arlberg Tirol
0%
Pfunds Tirol
0%
Pians Tirol
0%
Prutz Tirol
0%
Ried im Oberinntal Tirol
0%
Schönwies Tirol
0%
See Tirol
0%
Serfaus Tirol
0%
Spiss Tirol
0%
St. Anton am Arlberg Tirol
0%
Strengen Tirol
0%
Tobadill Tirol
0%
Zams Tirol
0%
Abfaltersbach Tirol
0%
Ainet Tirol
0%
Amlach Tirol
0%
Anras Tirol
0%
Assling Tirol
0%
Außervillgraten Tirol
0%
Dölsach Tirol
0%
Gaimberg Tirol
0%
Heinfels Tirol
0%
Hopfgarten in Defereggen Tirol
0%
Innervillgraten Tirol
0%
Kals am Großglockner Tirol
0%
Kartitsch Tirol
0%
Lavant Tirol
0%
Leisach Tirol
0%
Lienz Tirol
0%
Matrei in Osttirol Tirol
0%
Nikolsdorf Tirol
0%
Nußdorf-Debant Tirol
0%
Obertilliach Tirol
0%
Schlaiten Tirol
0%
Sillian Tirol
0%
St. Jakob in Defereggen Tirol
0%
St. Johann im Walde Tirol
0%
St. Veit in Defereggen Tirol
0%
Strassen Tirol
0%
Thurn Tirol
0%
Tristach Tirol
0%
Untertilliach Tirol
0%
Virgen Tirol
0%
Bach Tirol
0%
Berwang Tirol
0%
Biberwier Tirol
0%
Bichlbach Tirol
0%
Breitenwang Tirol
0%
Ehenbichl Tirol
0%
Ehrwald Tirol
0%
Elbigenalp Tirol
0%
Elmen Tirol
0%
Forchach Tirol
0%
Grän Tirol
0%
Heiterwang Tirol
0%
Hinterhornbach Tirol
0%
Holzgau Tirol
0%
Häselgehr Tirol
0%
Jungholz Tirol
0%
Kaisers Tirol
0%
Lechaschau Tirol
0%
Lermoos Tirol
0%
Musau Tirol
0%
Namlos Tirol
0%
Nesselwängle Tirol
0%
Pfafflar Tirol
0%
Pflach Tirol
0%
Pinswang Tirol
0%
Reutte Tirol
0%
Schattwald Tirol
0%
Stanzach Tirol
0%
Steeg Tirol
0%
Tannheim Tirol
0%
Vils Tirol
0%
Vorderhornbach Tirol
0%
Weißenbach am Lech Tirol
0%
Wängle Tirol
0%
Zöblen Tirol
0%
Achenkirch Tirol
0%
Aschau im Zillertal Tirol
0%
Brandberg Tirol
0%
Bruck am Ziller Tirol
0%
Buch in Tirol Tirol
0%
Finkenberg Tirol
0%
Fügen Tirol
0%
Fügenberg Tirol
0%
Gallzein Tirol
0%
Gerlos Tirol
0%
Gerlosberg Tirol
0%
Hart im Zillertal Tirol
0%
Hippach Tirol
0%
Jenbach Tirol
0%
Kaltenbach Tirol
0%
Mayrhofen Tirol
0%
Ramsau im Zillertal Tirol
0%
Rohrberg Tirol
0%
Schlitters Tirol
0%
Schwaz Tirol
0%
Schwendau Tirol
0%
Stans Tirol
0%
Steinberg am Rofan Tirol
0%
Strass im Zillertal Tirol
0%
Stumm Tirol
0%
Stummerberg Tirol
0%
Terfens Tirol
0%
Tux Tirol
0%
Uderns Tirol
0%
Vomp Tirol
0%
Weer Tirol
0%
Weerberg Tirol
0%
Wiesing Tirol
0%
Zell am Ziller Tirol
0%
Zellberg Tirol
0%
Bartholomäberg Vorarlberg
0%
Blons Vorarlberg
0%
Bludenz Vorarlberg
0%
Bludesch Vorarlberg
0%
Brand Vorarlberg
0%
Bürs Vorarlberg
0%
Dalaas Vorarlberg
0%
Fontanella Vorarlberg
0%
Gaschurn Vorarlberg
0%
Innerbraz Vorarlberg
0%
Klösterle Vorarlberg
0%
Lech Vorarlberg
0%
Lorüns Vorarlberg
0%
Ludesch Vorarlberg
0%
Nenzing Vorarlberg
0%
Nüziders Vorarlberg
0%
Schruns Vorarlberg
0%
Silbertal Vorarlberg
0%
Sonntag Vorarlberg
0%
St. Gallenkirch Vorarlberg
0%
Stallehr Vorarlberg
0%
Thüringen Vorarlberg
0%
Thüringerberg Vorarlberg
0%
Tschagguns Vorarlberg
0%
Vandans Vorarlberg
0%
Alberschwende Vorarlberg
0%
Andelsbuch Vorarlberg
0%
Au Vorarlberg
0%
Bezau Vorarlberg
0%
Bildstein Vorarlberg
0%
Bizau Vorarlberg
0%
Bregenz Vorarlberg
0%
Buch Vorarlberg
0%
Damüls Vorarlberg
0%
Doren Vorarlberg
0%
Eichenberg Vorarlberg
0%
Fußach Vorarlberg
0%
Gaißau Vorarlberg
0%
Hard Vorarlberg
0%
Hittisau Vorarlberg
0%
Höchst Vorarlberg
0%
Hörbranz Vorarlberg
0%
Kennelbach Vorarlberg
0%
Krumbach Vorarlberg
0%
Langen bei Bregenz Vorarlberg
0%
Langenegg Vorarlberg
0%
Lauterach Vorarlberg
0%
Lingenau Vorarlberg
0%
Lochau Vorarlberg
0%
Mellau Vorarlberg
0%
Mittelberg Vorarlberg
0%
Reuthe Vorarlberg
0%
Riefensberg Vorarlberg
0%
Schnepfau Vorarlberg
0%
Schoppernau Vorarlberg
0%
Schröcken Vorarlberg
0%
Schwarzach Vorarlberg
0%
Schwarzenberg Vorarlberg
0%
Sibratsgfäll Vorarlberg
0%
Sulzberg Vorarlberg
0%
Warth Vorarlberg
0%
Wolfurt Vorarlberg
0%
Dornbirn Vorarlberg
0%
Hohenems Vorarlberg
0%
Lustenau Vorarlberg
0%
Düns Vorarlberg
0%
Dünserberg Vorarlberg
0%
Feldkirch Vorarlberg
0%
Frastanz Vorarlberg
0%
Göfis Vorarlberg
0%
Klaus Vorarlberg
0%
Koblach Vorarlberg
0%
Laterns Vorarlberg
0%
Meiningen Vorarlberg
0%
Mäder Vorarlberg
0%
Röns Vorarlberg
0%
Röthis Vorarlberg
0%
Satteins Vorarlberg
0%
Schlins Vorarlberg
0%
Schnifis Vorarlberg
0%
Sulz Vorarlberg
0%
Übersaxen Vorarlberg
0%
Viktorsberg Vorarlberg
0%
Weiler Vorarlberg
0%
Wien Wien
0%
Keine übereinstimmenden Quizze gefunden
Verteilung der Resultate
Anzahl Personen mit jedem Resultat
Perzentil nach korrekt beantworteten Fragen
Ihre Resultats-Entwicklung
Sie haben dieses Quiz noch nicht gespielt